000 01026nam a2200241 i 4500
001 187058
003 SpMaBN
005 20230906222816.0
008 170407s1996 sp |||| | spa d
020 _a84-88973-37-3
080 _a347.451(460)
080 _a347.447.7
100 1 _aFenoy Picón, Nieves.
_9162313
245 1 0 _aFalta de conformidad e incumplimiento en la compraventa
_b: (evolución en el ordenamiento español) /
_cNieves Fenoy Picón ; prólogo de Antonio-Manuel Morales Moreno.
260 _a[Madrid] :
_bColegio de Registradores de la Propiedad y Mercantiles de España, Centro de Estudios Registrales,
_c[1996]
300 _aXXIII, 611 p. ;
_c23 cm.
504 _aBibliografía: p. 577-607.
650 7 _aCompraventa-
_zEspaña.
_911182
650 4 _aIncumplimiento de contrato.
_9156416
700 1 _aMorales Moreno, Antonio-Manuel.
_983056
710 2 _aColegio de Registradores de la Propiedad y Mercantiles de España.
_bCentro de Estudios Registrales.
_9162314
852 _aES-MaACL
_jL-31380
999 _c187058
_d187058